Entry Nombre personal
001 - NÚMERO DE CONTROL
- campo de control: 65305
003 - IDENTIFICADOR DE NÚMERO DE CONTROL
- campo de control: SpMaBN
005 - FECHA Y HORA DE LA ÚLTIMA TRANSACCIÓN
- campo de control: 20250818005422.0
008 - ELEMENTOS DE DATO DE LONGITUD-FIJA
- campo de control de longitud fija: 010828n| aijnnaabn |n aac
016 ## - NÚMERO DE CONTROL DE UNA AGENCIA BIBLIOGRÁFICA NACIONAL
- Número de control del registro: BNE20012151931
040 ## - FUENTE DE CATALOGACIÓN
- Centro catalogador/agencia de origen: SpMaBN
- Lengua de catalogación: spa
- Centro/agencia transcriptor: SpMaBN
- Normas de descripción: rdc
- Convención/Normas de encabezamiento de materia/tesauro: embne
046 ## - FECHAS CON CODIFICACIÓN ESPECIAL
- Fecha de nacimiento: 1747
- Fecha de la muerte: 1812
100 1# - ENCABEZAMIENTO-NOMBRE DE PERSONA
- Nombre de persona: Ingouf, François Robert,
- Fechas asociadas al nombre: 1747-1812
670 ## - FUENTE DE DATOS ENCONTRADOS
- Cita de la fuente: Páez. Repertorio
- Información encontrada: nº 1054 (Ingouf, Fraçois Robert "le jeune"; grabador de reproducción, nacido y muerto en París. Discipulo de Flipart)
